A dictionary of cat lovers, xv century B.C.-xx century A.D. /

Bibliographic Details
Main Author: Aberconway, Christabel Mary Melville Macnaghten McLaren, Baroness, 1890-
Format: Book
Language:English
Published: London : M. Joseph, [1949]
Subjects:

MARC

Tag First Indicator Second Indicator Subfields
LEADER 00000cam a2200000I 4500
001 in00001406479
005 20151020072719.0
008 941206s1949 enkac b 000 0 eng
010 |a  50004127  
019 |a 6948857 
035 |a (OCoLC)ocm01279093 
035 |a (OCoLC)01279093 
035 |9 AHQ3416AM 
040 |a DLC  |c DZM  |d OCL  |d CGL  |d OCL  |d OCLCQ  |d UtOrBLW 
049 |a TXAM 
050 0 0 |a PN6071.C3  |b A2 
082 0 |a 636.88 
100 1 |a Aberconway, Christabel Mary Melville Macnaghten McLaren,  |c Baroness,  |d 1890- 
245 1 2 |a A dictionary of cat lovers, xv century B.C.-xx century A.D. /  |c with five legends concerning cats, and with notes on the cat in ancient Egypt, etc. 
264 1 |a London :  |b M. Joseph,  |c [1949] 
300 |a 466 pages :  |b illustrations, portrait ;  |c 26 cm. 
336 |a text  |b txt  |2 rdacontent 
337 |a unmediated  |b n  |2 rdamedia 
338 |a volume  |b nc  |2 rdacarrier 
541 0 |a Donated by Alma B. and Max Siporin, July 2004. 
650 0 |a Cats. 
650 0 |a Cats in literature. 
994 |a C0  |b TXA 
999 |a MARS 
999 f f |s 0c123f56-8d6f-3711-a72a-6d598801ab1c  |i b4600a43-5197-3311-83de-798950b475c7  |t 0 
952 f f |p ric  |a Texas A&M University  |b Rellis Campus  |c Joint Library Facility  |s JLF  |d Remote Storage  |t 0  |e PN6071.C3 A2  |h Library of Congress classification  |i unmediated -- volume  |m A14833758891 
998 f f |a PN6071.C3 A2  |t 0  |l Remote Storage